Teoretické aspekty toků PZI

Teoretické vysvetlenie dôvodov, prečo sa PZI uskutočňujú. Determinanty tokov PZI - externe a interné. Špecifické externé determinanty tokov PZI. Teória diferenciácie výnosnosti kapitálu. Marginálne náklady a výnosy kapitálu.

Gespeichert in:
Bibliographische Detailangaben
1. Verfasser: Kopalová, Helena
Format: Buchkapitel
Sprache:Tschechisch
Schlagworte:
Tags: Tag hinzufügen
Keine Tags, Fügen Sie das erste Tag hinzu!

MARC

LEADER 00000naa$a2200000$$$4500
001 0042749
005 20221128095131.2
041 0 |a cze 
044 |a SK 
245 1 0 |a Teoretické aspekty toků PZI  |c Helena Kopalová 
520 |a Teoretické vysvetlenie dôvodov, prečo sa PZI uskutočňujú. Determinanty tokov PZI - externe a interné. Špecifické externé determinanty tokov PZI. Teória diferenciácie výnosnosti kapitálu. Marginálne náklady a výnosy kapitálu. 
610 2 0 |a investície priame zahraničné 
610 2 0 |a výnosnosť 
610 2 0 |a pohyb kapitálu 
610 2 0 |a kapitál 
610 2 0 |a náklady 
610 2 0 |a výnosy 
100 1 |a Kopalová, Helena